Normal view
MARC view
Entry Personal Name
001 - CONTROL NUMBER
- control field: 12034
003 - CONTROL NUMBER IDENTIFIER
- control field: OSt
005 - DATE AND TIME OF LATEST TRANSACTION
- control field: 20170404180430.0
008 - FIXED-LENGTH DATA ELEMENTS
- fixed length control field: 170404|| aca||aabn | a|a d
040 ## - CATALOGING SOURCE
- Original cataloging agency: OSt
- Transcribing agency: OSt
100 ## - HEADING--PERSONAL NAME
- Personal name: Williamson, Graham R.
670 ## - SOURCE DATA FOUND
- Source citation: Work cat.: (OSt)5793: Williamson, Graham R., Nursing in contemporary healthcare practice /, 2008.
